Southville International School and Colleges
Your cart is empty.
  • Cart
  • Lists
    Public lists Eva Luna New books Lux_list list_1
    Your lists Log in to create your own lists
  • Log in to your account
  • Your cookies
  • Search history
Southville International School and Colleges
  • Advanced search
  • Recent comments
  • Most popular
  • Libraries

Log in to your account

Log in with GOOGLE


If you do not have an external account, but do have a local account, you can still log in:

  1. Home
  2. MARC view: Effect of compost on the germination rate of Sunflower seeds /
Normal view MARC view ISBD view

Effect of compost on the germination rate of Sunflower seeds / (Record no. 98761)

[ view plain ]
MARC details
000 -LEADER
fixed length control field 00748nam a2200205 a 4500
003 - CONTROL NUMBER IDENTIFIER
control field 0
005 - DATE AND TIME OF LATEST TRANSACTION
control field 20250211092954.0
008 - FIXED-LENGTH DATA ELEMENTS--GENERAL INFORMATION
fixed length control field 120721s19uu xx 00 eng d
050 ## - LIBRARY OF CONGRESS CALL NUMBER
Classification number PGS SB 317.5
Item number .P896 2012
100 ## - MAIN ENTRY--PERSONAL NAME
Personal name Prado, Aljon Troy K.
245 ## - TITLE STATEMENT
Title Effect of compost on the germination rate of Sunflower seeds /
Statement of responsibility, etc Aljon Troy K. Prado.
260 ## - PUBLICATION, DISTRIBUTION, ETC. (IMPRINT)
Place of publication, distribution, etc Las Piñas City, Philippines :
Name of publisher, distributor, etc Southville International School and Colleges,
Date of publication, distribution, etc 2012.
300 ## - PHYSICAL DESCRIPTION
Extent 15 pages :
Other physical details illustrations ;
Dimensions 28 cm.
504 ## - BIBLIOGRAPHY, ETC. NOTE
Bibliography, etc Includes bibliographical references.
650 ## - SUBJECT ADDED ENTRY--TOPICAL TERM
Topical term or geographic name as entry element Seed germination
Form subdivision Soil amendments.
650 ## - SUBJECT ADDED ENTRY--TOPICAL TERM
Topical term or geographic name as entry element Seeds
Form subdivision Effect of fertilizers on.
650 ## - SUBJECT ADDED ENTRY--TOPICAL TERM
Topical term or geographic name as entry element Sunflowers
Form subdivision Germination.
650 ## - SUBJECT ADDED ENTRY--TOPICAL TERM
Topical term or geographic name as entry element Compost as fertilizer.
942 ## - ADDED ENTRY ELEMENTS (KOHA)
Source of classification or shelving scheme Library of Congress Classification
Koha item type PASS
Holdings
Withdrawn status Lost status Source of classification or shelving scheme Damaged status Home library Current library Shelving location Date acquired Source of acquisition Total Checkouts Full call number Barcode Date last seen Price effective from Koha item type
    Library of Congress Classification   Luxembourg Library Luxembourg Library Portfolio Assessment of SISC Students Section 07/21/2012 Donation   PGS SB 317.5 .P896 2012 P2862 04/08/2014 04/08/2014 PASS

Effect of compost on the germination rate of Sunflower seeds /

APA

Prado A. T. K., . (2012). Effect of compost on the germination rate of Sunflower seeds. Las Piñas City, Philippines: Southville International School and Colleges.

Chicago

Prado Aljon Troy K, . 2012. Effect of compost on the germination rate of Sunflower seeds. Las Piñas City, Philippines: Southville International School and Colleges.

Harvard

Prado A. T. K., . (2012). Effect of compost on the germination rate of Sunflower seeds. Las Piñas City, Philippines: Southville International School and Colleges.

MLA

Prado Aljon Troy K, . Effect of compost on the germination rate of Sunflower seeds. Las Piñas City, Philippines: Southville International School and Colleges. 2012.

  • Print
  • Cite
  • Add to your cart (remove)
  • Save record
    BIBTEX Dublin Core MARCXML MARC (non-Unicode/MARC-8) MARC (Unicode/UTF-8) MARC (Unicode/UTF-8, Standard) MODS (XML) RIS
  • More searches
    Search for this title in:
    Other Libraries (WorldCat) Other Databases (Google Scholar) Online Stores (Bookfinder.com) Open Library (openlibrary.org)

Exporting to Dublin Core...

SOUTHVILLE LIBRARY

Southville International School and Colleges Library

1281 Tropical Ave. Cor. Luxembourg St., BF Homes International, Las Pinas City

Tel. No. 8256374 / 252358 Loc. 117/146

Powered by Koha